000 01547nam a22003137a 4500
001 000202848
003 AM-YEHGA
005 20250617124005.0
008 990929s1972 ru ||||| |||| 00| 0 rus d
040 _aAM-YeHGA
041 0 _arus
100 1 _aԹախտաջյան, Արմեն Լևոնի,
_d1910-
245 1 0 _aФлора Еревана :
_bОпределитель дикорастущих растений Араратской котловины /
_cА.Л. Тахтаджян и Ан.А. Федоров ; Под ред. А.Л. Тахтаджяна.
246 3 5 _aԵրևանի ֆլորան :
_bԱրարատյան գոգավորության վայրի բույսերի որոշիչ
250 _a2-е, перераб. и доп.
260 _aЛенинград :
_bНаука. Ленингр. отд-ние,
_c1972.
300 _a394 с. :
_bил. ;
_c27 см.
504 _aАлф. указ. лат. назв. растений: с. 372-393.
650 1 4 _aФлора
_zЕреван
650 1 4 _aБотаника
650 1 4 _aРастения дикорастущие
_zАраратская котловина
651 4 _aАраратская котловина
700 1 _aФедоров, Андрей Александрович
700 1 _aԹախտաջյան, Արմեն Լևոնի,
_d1910-
_eред.
_4edt
710 2 _aБотанический институт им. В.Л. Комарова АН СССР
710 2 _aБотанический институт АН АрмССР
942 _2udc
_cBK
090 _c71397
999 _c70204
_d70204